Normal view
MARC view
- Kings, queens, rulers, etc
Entry Topical Term
001 - CONTROL NUMBER
- control field: 93582
003 - CONTROL NUMBER IDENTIFIER
- control field: NUST
005 - DATE AND TIME OF LATEST TRANSACTION
- control field: 20220715091029.0
008 - FIXED-LENGTH DATA ELEMENTS
- fixed length control field: 220715|| aca||aabn | a|a d
040 ## - CATALOGING SOURCE
- Original cataloging agency: NUST
- Transcribing agency: NUST
150 ## - HEADING--TOPICAL TERM
- Topical term or geographic name entry element: Kings, queens, rulers, etc
670 ## - SOURCE DATA FOUND
- Source citation: Work cat.: (NUST)0: Stickles, Frances Copeland. 93578, A crown for Henrietta Maria :, 1988.
